Detalles MARC
| 000 -LEADER |
| fixed length control field |
02180nam a2200553 a 4500 |
| 005 - FECHA ULTIMA MODIFICACION |
| control field |
20240514104752.0 |
| 008 - CAMPO DE CONTROL (LIBRO) |
| fixed length control field |
100312t2014||||mx a f |||| 001 0 spa d |
| 020 ## - INTERNATIONAL STANDARD BOOK NUMBER |
| ISBN |
9786073222372 |
| 041 ## - CODIGO DE IDIOMA |
| Código de idioma del texto/pista de sonido o título separado |
spa |
| 092 ## - SIGNATURA TOPOGRAFICA DEWEY LOCAL |
| número de clasificación |
540 |
| libristica |
71 |
| sección |
QUI |
| 245 ## - TITULO PROPIAMENTE DICHO |
| Título |
Química. |
| Subtítulo y Título paralelo |
La ciencia central / |
| Mención de responsabilidad y remanente de la transcripción de la portada |
Theodore L. Brown |
| 250 ## - MENCION DE EDICION |
| Mención de edición |
12a ed. en español de la 12a ed. en inglés |
| 260 ## - PIE DE IMPRENTA |
| Lugar de publicación, distribución, etc |
México: |
| Nombre de la editorial, distribuidor, etc |
Pearson; |
| Fecha de publicación |
2014. |
| 300 ## - DESCRIPCION FISICA |
| Extension |
1200 p. |
| Dimensiones |
21.5 x 27.5 cm. |
| 500 ## - NOTA GENERAL |
| Nota general |
Brown, T. L. et al. (2009). Química. La ciencia central. (12a ed.). México : Pearson. |
| 653 ## - TÉRMINO INDIZADO - PALABRAS CLAVES |
| Palabra clave |
Materia y medición |
| 653 ## - TÉRMINO INDIZADO - PALABRAS CLAVES |
| Palabra clave |
Atomos, moléculas y iones |
| 653 ## - TÉRMINO INDIZADO - PALABRAS CLAVES |
| Palabra clave |
Estequiometría: calculos con formulas y ecuaciones químicas |
| 653 ## - TÉRMINO INDIZADO - PALABRAS CLAVES |
| Palabra clave |
Reacciones en disoluciones acuosas |
| 653 ## - TÉRMINO INDIZADO - PALABRAS CLAVES |
| Palabra clave |
Termoquímica |
| 653 ## - TÉRMINO INDIZADO - PALABRAS CLAVES |
| Palabra clave |
Estructura electrónica de los átomos |
| 653 ## - TÉRMINO INDIZADO - PALABRAS CLAVES |
| Palabra clave |
Propiedades periódicas de los elementos |
| 653 ## - TÉRMINO INDIZADO - PALABRAS CLAVES |
| Palabra clave |
Conceptos básicos de los enlaces químicos |
| 653 ## - TÉRMINO INDIZADO - PALABRAS CLAVES |
| Palabra clave |
Geometría molecular y teorías de enlace |
| 653 ## - TÉRMINO INDIZADO - PALABRAS CLAVES |
| Palabra clave |
Gases |
| 653 ## - TÉRMINO INDIZADO - PALABRAS CLAVES |
| Palabra clave |
Líquidos y fuerzas intermoleculares |
| 653 ## - TÉRMINO INDIZADO - PALABRAS CLAVES |
| Palabra clave |
Sólidos y nuevos materiales |
| 653 ## - TÉRMINO INDIZADO - PALABRAS CLAVES |
| Palabra clave |
Propiedades de las disoluciones |
| 653 ## - TÉRMINO INDIZADO - PALABRAS CLAVES |
| Palabra clave |
Cinética química |
| 653 ## - TÉRMINO INDIZADO - PALABRAS CLAVES |
| Palabra clave |
Equilibrio químico |
| 653 ## - TÉRMINO INDIZADO - PALABRAS CLAVES |
| Palabra clave |
Equilibrios ácido-base |
| 653 ## - TÉRMINO INDIZADO - PALABRAS CLAVES |
| Palabra clave |
Aspectos adicionales del equilibrio acuoso |
| 653 ## - TÉRMINO INDIZADO - PALABRAS CLAVES |
| Palabra clave |
Química del medio ambiente |
| 653 ## - TÉRMINO INDIZADO - PALABRAS CLAVES |
| Palabra clave |
Termodinámica química |
| 653 ## - TÉRMINO INDIZADO - PALABRAS CLAVES |
| Palabra clave |
Electroquímica |
| 653 ## - TÉRMINO INDIZADO - PALABRAS CLAVES |
| Palabra clave |
Química nuclear |
| 653 ## - TÉRMINO INDIZADO - PALABRAS CLAVES |
| Palabra clave |
Química de los no metales |
| 653 ## - TÉRMINO INDIZADO - PALABRAS CLAVES |
| Palabra clave |
Metales de transicion y la química de coordinación |
| 653 ## - TÉRMINO INDIZADO - PALABRAS CLAVES |
| Palabra clave |
Química de la vida: quimica orgánica y biológica |
| 653 ## - TÉRMINO INDIZADO - PALABRAS CLAVES |
| Palabra clave |
Apéndices: Operaciones matemáticas. Propiedades del agua. Cantidades termodinámicas para determinadas sustancias a 298.15 K (25º). Constantes de equilibrio acuoso. Potenciales de reducción estándar a 25º C. |
| 700 1# - ENTRADAS SECUNDARIAS - NOMBRE PERSONAL |
| Nombre personal |
Brown, Theodore L. |
| 9 (RLIN) |
522 |
| 700 1# - ENTRADAS SECUNDARIAS - NOMBRE PERSONAL |
| Nombre personal |
LeMay, H. Eugene |
| Títulos y otras palabras asociadas con el nombre |
Jr. |
| 9 (RLIN) |
523 |
| 700 1# - ENTRADAS SECUNDARIAS - NOMBRE PERSONAL |
| Nombre personal |
Bursten, Bruce E. |
| 9 (RLIN) |
524 |
| 700 1# - ENTRADAS SECUNDARIAS - NOMBRE PERSONAL |
| Nombre personal |
Murphy, Catherine J. |
| 9 (RLIN) |
525 |
| 700 1# - ENTRADAS SECUNDARIAS - NOMBRE PERSONAL |
| Nombre personal |
Woodward, Patrick |
| Función |
Colaborador |
| 9 (RLIN) |
526 |
| 930 ## - NUMERO DE INVENTARIO |
| Número de inventario |
2035 |
| 930 ## - NUMERO DE INVENTARIO |
| Número de inventario |
2036 |
| 942 ## - ADDED ENTRY ELEMENTS (KOHA) |
| Source of classification or shelving scheme |
Dewey Decimal Classification |
| Item type |
Libros |